00670nam a2200169 a 450000100100000000500170001000800410002704000250006810000290009324000580012224500900018026000580027030000210032870000290034995201050037899900170048300003994720201002033827.0130731s1962 ag 000 0 spa d aDO-SdBNPbspacBNPHU1 aKennan, George F.96616410aRussia and the west under Lenin and Stalinlespañol10aRusia y Occidente bajo Lenin y Stalin /cGeorge F. Kennan ; traducción Leon Mirlas. aBuenos Aires, Argentina :bEdiciones selectas,c1962. a347 p. ;c21 cm.1 aMirlas, Leon,etr.94754 001050718MOaGRbGRcCTd2013-07-31iLF1l0o p39947-10r2020-06-25w2020-06-25y1ZNo se presta c39437d39437